00990nam a2200265 a 450000100060000000300080000600500170001400800410003103500190007204000340009104100080012508200180013311000370015124500690018824600380025724600130029526000620030830000210037061000360039165000510042778000940047894200120057299900170058495201230060131734BD-RjUL20211209051736.0140422s1949 enkar p 0 1 a0eng d a(BD-RjUL)31822 aUkOxU bengcUkOxU dBD-RjUL  aeng04a378bUNC 19492 aUniversity of Nottingham.93374614aThe calendar of the University of Nottingham :bSession 1949-50.18aUniversity of Nottingham calendar00aCalendar aNottingham :bUniversity University of Nottingham,c1949. a474 p. ;c22 cm.20aUniversity of Nottingham933746 0aUniversities and collegesvPeriodicals.99659600aUniversity College (Nottingham, England).tCalendar for the ... sessionw(UkOxU)014808957 2ddccBK c31734d31734 00102ddc4071aRUCLbRUCLcReadingd1955-03-04eN/Ag0.00l0o378 UNC 1949r2014-04-22 00:00:00tC-1w2014-04-22yBK